1341 1706 1381 1030 1509 1053 1580 1298 1909 1291 1264 1269 1549 1571 1316 1635 1870 1894 1938 1524 1928 1184 1113 1315 1804 1228 1916 1320 1457 1658 1434 1431 1633 1554 1248 1016 1654 1684 1683 1789 1606 1555 1514 1986 1765 1745 1937 1503 1500 1138 1133 1926 1356 1554 1609 1526 1360 1737 1956 1845 1366 1920 1765 1871 1478 1014 1165 1398 1549 1560 1295 1372 1167 1529 1831 1843 1964 1499 1183 1994 1380 1273 1949 1065 1624 1656 1712 1575 1137 1001 1479 1165 1606 1170 1034 1452 1173 1960 1396 BCNSPRNW ULIB Ver.6.0+V

เปลี่ยนเป็นภาษาไทย

Change to English
 แสดงรายละเอียดบรรณานุกรม
  กลับหน้าหลัก

Brief Record : Get Marc (ISO 2709) : E-mail record : QR code < ปิดหน้าต่าง
LEADER : 00000nam 2200000uu 4500
001    13399114991
003     ULIB
008    120627s2550||||th 000 0 tha d
020    ^a9789747503227
090    ^aนว.^bล911ด 2550
100 0  ^aLee Hyun joo
245 00 ^aดีไซน์หัวใจให้ตรงรัก/^cโพมุล
250    ^aพิมพ์ครั้งที่
260    ^aกรุงเทพฯ :^bแจ่มใส,^c2550
300    ^a288 หน้า
710 1  ^aแจ่มใส
945    ^p179^l0^i14064
995    ^aกัณชพร
999    ^aใช้งานได้ทุกระบบ
รายการนี้ยังไม่มีแท็ก
คุณยังไม่ได้ล็อกอิน คุณสามารถมีกิจกรรมร่วมกับเว็บไซต์ได้ แต่ต้องล็อกอินก่อน ::
  ล็อกอิน

รายการสื่อสารสนเทศ

ลำดับที่ ประเภท เลขเรียก/บาร์โค้ด สถานที่ สถานะ
- ไม่พบข้อมูล -

BibComment


ยังไม่เคยถูกคอมเมนท์

คอมเมนท์ทรัพยากรรายการนี้
  คอมเมนท์: ดีไซน์หัวใจให้ตร..


 Copyright 2026. Bcnsprnw @Library